01566nam a2200361 a 4500001001000000003000500010005001700015008004100032010001100073011001100084040000900095090001000104100003700114245015800151260004100309500006000350502009900410590004100509590004000550590004000590650004600630650003200676650003700708650003500745650004600780856007000826901000700896942001000903942000600913999001900919952013100938952013501069000113685CHAP20220329144408.0170907s2017 mx sm |||||||spa d a110146 a111118 cCHAP aTesis1 aGonzález Frias, Hector913320710aAnalisis de la rentabilidad privada del cultivo de brócoli (Brassica oleraceae), en el Estado de Guanajuatoh[En línea]cpor Hector González Frias. aChapingo, Méx. :bEl autor,c2017. aPara ver el contenido del material haga clic en la liga aTesis (Ing. Economía Agrícola) -- UACH. División de Ciencias Económico Administrativas aE11695DGDb10c20170912lUCH01h1431 aE5765TAJb05c20170907lUCH01h0934 aE5765TAJb05c20170907lUCH01h093514aBrócolixCostos de producción.91553314aBrócolixMercadeo.91554214aBrócolixProducción.912642514aBrócolixRendimiento.91554914aPolítica agrícolaxGuanajuato.990321 aFinding aiduhttp://10.13.5.2/tesis/sist113685.pdfzTeclea aquí aBK cTESIS n0 c110146d110146 00104054718TESISaBCbBCd2017-09-07fTESISl0oTesisp113687-10r2019-12-31 00:00:00w2019-12-31yTESISzRecien adquirido 00102local4053708TESISaBCbBCcPA_TESISd2017-09-07fTESISl0oTesisp113687-20r2019-12-31 00:00:00tc.2w2019-12-31yTESIS